| 000 | 01171nam a2200193 a 4500 | ||
|---|---|---|---|
| 001 | 001112852 | ||
| 003 | AM-YeHGA | ||
| 005 | 20250617151811.0 | ||
| 008 | 151112s1970 ru 000 0 rus d | ||
| 040 | _aAM-YeHGA | ||
| 041 | 0 | _arus | |
| 245 | 0 | 0 |
_aУниверсальная десятичная классификация : _bПромышленность строительных материалов и смежные отрасли науки и техники / _cВсесоюз. науч.-исслед. ин-т науч.-техн. информации и экономики пром-сти строит. материалов; Отв. ред. В.С. Быкова. |
| 260 |
_aМосква : _bБ. и., _c1970. |
||
| 300 | _a168 с. | ||
| 653 | 0 | _aУниверсальная десятичная классификация - Таблицы | |
| 700 | 1 |
_aБыкова, В.С. _eред. _4edt |
|
| 710 | 2 | _aВсесоюзный научно-исследовательский институт научно-технической информации и экономики промышленности строительных материалов | |
| 090 | _c360096 | ||
| 999 |
_c358273 _d358273 |
||